Responses for Show #1772 - Tuesday, April 21, 1992

Contestants

[<< previous game]

Patrick McMahon, a financial analyst from Pittsburgh, Pennsylvania

Scott Corngold, a writer and editor from Brooklyn New York

Al Badger, a software engineer from Monterey, California (whose 2-day cash winnings total $41,200)

[next game >>]

Jeopardy! Round responses

"H"ISTORY
POTENT POTABLES
KIDDIE LIT
FAMOUS PAIRS
WORLD TRAVEL
SLANG
    $100 7
the Huns

Scott
    $100 1
7 Up

Patrick
    $100 19
A.A. Milne

Patrick
    $100 4
Lerner & Loewe

Scott
    $100 10
Ireland

Scott
    $100 2
sealed with a kiss

Scott
    $200 3
Hannibal

Patrick
    $200 17
Martini & Rossi

Patrick
    $200 22
Pippi Longstocking

Al
    $200 12
Stanley & Livingstone

Patrick
    $200 13
Andorra

Al
    $200 16
name

Patrick
    $300 5
the Honduras

Scott
    $300 18
piƱa colada

Al
    $300 23
German

Patrick
    $300 9
Currier & Ives

Patrick
    $1,000 14
Agra

Al
    $300 20
a clothes horse

Patrick
    $400 6
the Huguenots

Al
    $400 25
(Al: What is Chartreuse?)

creme de menthe

AlScott
    $400 27
the silver skates

Al
    $400 11
Masters & Johnson

Al
    $400 15
(Scott: What is Gustad?)

St. Moritz

ScottPatrick
    $400 24
the State Department

Patrick
    $500 8
the Han Dynasty

Scott
    $500 29
chartreuse

Al
    $500 28
glad

Triple Stumper
    $500 30
Shields and Yarnell

Scott
    $500 21
Trinidad

Scott
    $500 26
Tijuana

Al

Scores at the first commercial break (after clue 14):

Al Scott Patrick
$2,000 $1,200 $800

Scores at the end of the Jeopardy! Round:

Al Scott Patrick
$3,500 $2,200 $2,700

Double Jeopardy! Round responses

PHOENIX
ACTORS & WESTERN ROLES
JIMMY CARTER
ANIMALS
VEGETABLES
MINERALS
    $200 4
a bird

Patrick
    $200 9
John Wayne

Scott
    $200 3
"Hail To The Chief"

Patrick
    $200 19
When it was discovered circa 1800, this duck-billed mammal was taken to be a hoax

the platypus

Scott
    $200 29
lima beans

Scott
    $200 8
emery

Al
    $400 5
the Suns

Patrick
    $400 10
Ward Bond

Scott
    $400 13
Ruth Carter Stapleton

Scott
    $400 16
Terrier

Scott
    $400 21
the leek

Scott
    $400 27
asbestos

Patrick
    $600 6
the Colorado

Patrick
    $600 1
Jesse James

Scott
    $600 12
a hospital

Scott
    $600 18
(Al: What are rabbits?)
(Alex: Be more specific?)

jack rabbits

Al
    $600 22
(Scott: What is the radish?)

a beet

ScottPatrick
    $600 25
graphite

Patrick
    $1,100 7
(Patrick: What is 1911?)

1912

Patrick
    $800 2
How the West Was Won

Al
    $800 14
the Peace Corps

Patrick
    $800 20
beluga

Triple Stumper
    $800 23
broccoli

Triple Stumper
    $800 26
serpentine

Al
    $1000 17
The Arizona Republic

Triple Stumper
    $1000 11
Anthony Quinn

Scott
    $1000 15
"Chip"

Scott
    $1000 24
(Al: What is an eland?)

a gazelle

AlPatrick
    $1,400 28
a gherkin

Patrick
    $1000 30
gypsum

Triple Stumper

Scores at the end of the Double Jeopardy! Round:

Al Scott Patrick
$4,900 $7,000 $7,800

[wagering suggestions for these scores]

Final Jeopardy! Round responses

AMERICAN ART
(Alex: [To Patrick] It's called [*]; you are right...)
AlWhat is
$1,000
ScottWhat is the Signing of the Declaration
$2,900
PatrickWhat is the Spirit of 1776
$6,201
The Spirit of '76

Final scores:

Al Scott Patrick
$3,900 $4,100 $14,001
3rd place: Magnavox 20" stereo TV 2nd place: Flex Steel sofa & S&S Mills carpeting New champion: $14,001

Game dynamics:

Coryat scores:

Al Scott Patrick
$4,200 $7,000 $8,500
13 R
(including 1 DD),
2 W
20 R,
2 W
21 R
(including 1 DD),
1 W
(including 1 DD)

Combined Coryat: $19,700

[game clues] [game scores] [suggest correction]

Game tape date: 1992-01-13
The J! Archive is created by fans, for fans. Scraping, republication, monetization, and malicious use prohibited; this site may use cookies and collect identifying information. See terms. The Jeopardy! game show and all elements thereof, including but not limited to copyright and trademark thereto, are the property of Jeopardy Productions, Inc. and are protected under law. This website is not affiliated with, sponsored by, or operated by Jeopardy Productions, Inc. Join the discussion at JBoard.tv.